Industrial safety and environment (Record no. 40942)

MARC details
000 -LEADER
fixed length control field 00429nam a2200181Ia 4500
020 ## - INTERNATIONAL STANDARD BOOK NUMBER
ISBN 9789350144121
050 ## - CALL MARK
Classification number HD 7262 .P73/
100 ## - STATEMENT OF RESPONSIBILITY--MAIN AUTHOR NAME
Personal name Prashar, Anupama
245 #0 - TITLE STATEMENT
Title Industrial safety and environment
260 ## - PUBLICATION, DISTRIBUTION, ETC. (IMPRINT)
Place of publication New delhi
260 ## - PUBLICATION, DISTRIBUTION, ETC. (IMPRINT)
Name of publisher S.K.kataria & sons
260 ## - PUBLICATION, DISTRIBUTION, ETC. (IMPRINT)
Year of publication 2015
300 ## - PHYSICAL DESCRIPTION
Number of Pages 273 p
650 ## - SUBJECT ADDED ENTRY--TOPICAL TERM
Topical Term New delhi
942 ## - ADDED ENTRY ELEMENTS (KOHA)
Koha item type Books

No items available.